FIFA World Cup 'USA 94' Goalscorers Quiz Stats

 Plays Quiz not verified by Sporcle

Challenge
Share
Tweet
Embed
Score 0/81 Timer 12:00
0 Plays Today
Goals Scored Player Name % Correct
5 GoalsRomario
97.3%
5 GoalsRoberto Baggio
97%
2 GoalsDino Baggio
97%
6 GoalsHristo Stoichkov
94.6%
5 GoalsJurgen Klinsmann
92.5%
3 GoalsBebeto
92.3%
3 GoalsGheorghe Hagi
91.7%
4 GoalsGabriel Batistuta
89.3%
3 GoalsDennis Bergkamp
86.1%
6 GoalsOleg Salenko
84.4%
1 GoalDiego Maradona
83.5%
3 GoalsThomas Brolin
81.1%
4 GoalsMartin Dahlin
80.3%
5 GoalsKennet Andersson
75.1%
1 GoalRoger Milla
72.6%
2 GoalsYordan Letchkov
66%
2 GoalsRudi Voller
64.8%
1 GoalHenrik Larsson
63.6%
1 Own GoalAndres Escobar
61.4%
2 GoalsDaniel Amokachi
56.8%
2 GoalsClaudio Caniggia
55%
1 GoalBranco
53.5%
1 GoalFernando Hierro
51.4%
1 GoalRay Houghton
51%
2 GoalsIlie Dumitrescu
50.5%
1 GoalStephane Chapuisat
48.9%
1 GoalLothar Matthaus
48.1%
Goals Scored Player Name % Correct
1 GoalLuis Enrique
47.5%
1 GoalRai
47.4%
4 GoalsFlorin Raducioiu
45.5%
2 GoalsWim Jonk
45.2%
1 GoalEric Wynalda
44.4%
1 GoalRashidi Yekini
43.7%
1 GoalErwin Sanchez
43.1%
2 GoalsPhilippe Albert
42%
1 GoalJohn Aldridge
40.7%
1 GoalAron Winter
40.7%
1 GoalJulio Salinas
38.6%
1 GoalSaeed Al-Owairan
38.3%
1 GoalDan Petrescu
35.5%
1 GoalAbel Balbo
34.6%
1 GoalDaniele Massaro
34%
2 GoalsHong Myung-Bo
33.7%
2 GoalsLuis García
33.5%
1 GoalAlain Sutter
33.1%
2 GoalsEmmanuel Amuneke
32.8%
3 GoalsJose Luis Caminero
31.1%
1 GoalMarcio Santos
30.3%
1 GoalFinidi George
29.8%
2 GoalsAdolfo Valencia
28%
1 GoalJosep Guardiola
28%
1 GoalBryan Roy
27.7%
1 GoalAlberto Garcia Aspe
25.5%
1 GoalKjetil Rekdal
25.5%
Goals Scored Player Name % Correct
1 GoalHakan Mild
24.9%
1 GoalSami Al-Jaber
24.7%
1 GoalKarl-Heinz Riedle
24.4%
1 GoalRoger Ljung
23.2%
1 GoalEarnie Stewart
23.1%
1 GoalFrancois Omam-Biyik
21%
2 GoalsAdrian Knup
20.7%
1 GoalMarc Degryse
20.4%
1 GoalHwang Sun-Hong
17%
1 GoalGaston Taument
16.4%
1 GoalGeorges Bregy
15.9%
1 GoalGeorges Grun
14.5%
1 GoalSamson Siasia
14.3%
1 GoalNasko Sirakov
13.6%
1 GoalDaniel Borimirov
12.7%
2 GoalsFuad Amin
12.5%
1 GoalDmitri Radchenko
12.4%
2 GoalsIon Andoni Goikoetxea
10.7%
1 GoalMarcelino Bernal
9.7%
1 GoalTxiki Beguiristain
8.8%
1 GoalDavid Embe
8.6%
1 GoalMohamed Chaouch
7.9%
1 GoalJohn Harold Lozano
7.2%
1 GoalSeo Jung-Won
7.2%
1 GoalHernan Gaviria
5.1%
1 GoalHassan Nader
3.7%
1 GoalFahad Al-Ghesheyan
2.2%

You're not logged in!

Compare scores with friends on all Sporcle quizzes.
Join for Free
OR
Log In

You Might Also Like...

Show Comments

Extras

Top Quizzes Today


Score Distribution

Your Account Isn't Verified!

In order to create a playlist on Sporcle, you need to verify the email address you used during registration. Go to your Sporcle Settings to finish the process.

Report this User

Report this user for behavior that violates our Community Guidelines.

Details: